00297nam a22001097a 4500008004100000020001500041050002500056100001700081245002800098260004700126300001400173230919b |||||||| |||| 00| 0 eng d a0521573785 aPL8110b.C51M34 2004 aMchombo, Sam aThe Syntax of Chichewa  aNew YorkbCambridge University Pressc2004 axv, 149p.